| 000 | 00499nam a22001457a 4500 | ||
|---|---|---|---|
| 003 | NUST | ||
| 082 | _a191.009,CHI | ||
| 100 |
_aChittick, William C. _9175 |
||
| 245 |
_aMe & Rumi : _bthe autobiography of Shams-i Tabrizi / _cWilliam C. Chittick, |
||
| 260 |
_aSuhail Academy _bLahore _c2005 |
||
| 300 | _axxv, 409 p | ||
| 505 | _aMy years without Mawlana (Page-1), My path of God (Page-37), My time with Mawlana (Page-177). | ||
| 650 |
_aautobiography of Shams-i Tabrizi _9104537 |
||
| 942 |
_2ddc _cBK |
||
| 999 |
_c592635 _d592635 |
||